Región central de Colombia : (Registro nro. 7542)

Detalles MARC
000 -LEADER
fixed length control field 01270nam a2200265Ia 4500
003 - CONTROL NUMBER IDENTIFIER
control field OSt
005 - DATE AND TIME OF LATEST TRANSACTION
control field 20210510111330.0
008 - FIXED-LENGTH DATA ELEMENTS--GENERAL INFORMATION
fixed length control field 210310s2006 ck ab gr 000 0 spa d
020 ## - INTERNATIONAL STANDARD BOOK NUMBER
International Standard Book Number 9587016645
040 ## - CATALOGING SOURCE
Original cataloging agency CO-JMCR
Transcribing agency CO-JMCR
041 0# - LANGUAGE CODE
Language code of text/sound track or separate title spa
082 04 - DEWEY DECIMAL CLASSIFICATION NUMBER
Classification number 337.11861 /
Item number A346r
Edition number 23
110 2# - MAIN ENTRY--CORPORATE NAME
Corporate name or jurisdiction name as entry element Alcaldía Mayor de Bogotá.
Subordinate unit Departamento Administrativo de Planeación Distrital
9 (RLIN) 37496
245 10 - TITLE STATEMENT
Title Región central de Colombia :
Remainder of title memorias y algunas reflexiones sobre el proceso de integración. : Boyacá, Cundinamarca, Meta, Tolima, Tunja, Villavicencio, Ibagué, Bogotá /
Statement of responsibility, etc. Alcaldía Mayor de Bogotá
260 ## - PUBLICATION, DISTRIBUTION, ETC.
Place of publication, distribution, etc. Bogotá :
Name of publisher, distributor, etc. Alcaldía Mayor de Bogotá,
Date of publication, distribution, etc. 2006
300 ## - PHYSICAL DESCRIPTION
Extent 123 páginas :
Other physical details ilustraciones y mapas a color ;
Dimensions 28 cm.
490 0# - SERIES STATEMENT
Series statement Integración regional ;
Volume/sequential designation 4
505 0# - FORMATTED CONTENTS NOTE
Formatted contents note Marco conceptual -- Instancias involucradas y actividades -- Avances del proceso de integración -- Expectativas del proceso de integración -- Reflexiones en torno al proceso
650 14 - SUBJECT ADDED ENTRY--TOPICAL TERM
Topical term or geographic name entry element Integración regional
9 (RLIN) 14733
Geographic subdivision Colombia
650 24 - SUBJECT ADDED ENTRY--TOPICAL TERM
Topical term or geographic name entry element Integración económica
Geographic subdivision Colombia
9 (RLIN) 36903
650 24 - SUBJECT ADDED ENTRY--TOPICAL TERM
Topical term or geographic name entry element Desarrollo económico
Geographic subdivision Colombia
9 (RLIN) 6913
651 #4 - SUBJECT ADDED ENTRY--GEOGRAPHIC NAME
Geographic name Colombia
General subdivision Condiciones económicas
9 (RLIN) 7526
651 #4 - SUBJECT ADDED ENTRY--GEOGRAPHIC NAME
Geographic name Colombia
General subdivision Condiciones sociales
9 (RLIN) 9846
942 ## - ADDED ENTRY ELEMENTS (KOHA)
Source of classification or shelving scheme Dewey Decimal Classification
Koha item type Books
Existencias
Withdrawn status Lost status Source of classification or shelving scheme Damaged status Not for loan Collection code Home library Current library Date acquired Source of acquisition Full call number Barcode Date last seen Koha item type
    Dewey Decimal Classification     Non-fiction Biblioteca Pública José María del Castillo y Rada Biblioteca Pública José María del Castillo y Rada 04/15/2018 Donación 337.11861 / A346r 430001185 05/16/2024 Books